000 00740cam a2200229 4500
008 090401t1996 xxu||||| |||| 00| 0 eng d
020 _a0582098165
035 _a(Sirsi) u58338
041 0 _aeng
050 0 4 _a692.3 $2 18
100 1 _aPacker, A. D.
245 0 0 _aBuilding measurement
260 _aHarlow
_bAddison Wesley Longman
_c1996
300 _aix, 182p.
_c25cm.
350 _a14.99
520 _aA practical guide to the purpose and techniques of construction measurement, based on the current edition of the standard method of measurement, SMM7.
650 2 4 _aSTANDARD METHOD OF MEASUREMENT (SEVENTH EDITION)
651 4 _aUnited Kingdom
_y
690 _aQuantity surveying
_96263
942 _n0
948 _c04/03/1997
999 _c94058
_d94058